000 01113nam a2200325 i 4500
003 EG-GICUC
005 20260412093702.0
008 260412s1888 gw ||||fr|||| 00| 0 ger d
040 _aEG-GiCUC
_bger
_cEG-GiCUC
_dEG-GiCUC
_erda
041 _ager
_hger
082 0 4 _221
_a341.78043
_bBö.H
092 0 4 _221
099 _aLaw1 11 341.78043 Bö.H 1888
100 1 _a Böhm , Ferdinand
_eAuthor.
245 _aHandbuch bes Rechtshülfeverfahrens im Deutschen Reiche gegenüber dem Auslande.
_nVol.2 :
_pRechtshülfe in Strafsachen. Mit Sachregister für I. nud II. Theil /
_cFerdinand Böhm .
264 _aGermany :
_bCAVE angen ,
_c1888.
300 _a331 pages ,
_c24 cm
336 _2rda content
_atext
337 _2rda media
_aComputer
338 _2rda carrier
_aOnline Resource
500 _aIncludes Index Pages 286 - 331 .
546 _a Text in German
650 1 _aInternationales Recht
650 1 _aGesetzgebung
650 1 _aInternationale Zusammenarbeit
651 1 _2qrmak
856 4 0 _uhttps://fll.law.cu.edu.eg/fulltext/bks/B11-07884.pdf
905 _a60
942 _2ddc
_cBK
_e21
_n0
999 _c70154
_d70154